Gerschenkron on his head banking structures in 19th-century Europe, North America, and Australasia

Guardado en:
Detalles Bibliográficos
Autor principal: Verdier, Daniel
Formato: Libro
Lenguaje:inglés
Publicado: San Domenico (FI) European University Institute 1996
Colección:EUI Working paper SPS No. 96/3
Materias:
Etiquetas: Agregar Etiqueta
Sin Etiquetas, Sea el primero en etiquetar este registro!

MARC

LEADER 00000nam a2200000 4500
001 c133530
005 20221123124408.4
041 0 |a eng 
044 |a IT 
245 1 0 |a Gerschenkron on his head  |b banking structures in 19th-century Europe, North America, and Australasia  |c Daniel Verdier 
264 1 |a San Domenico (FI)  |b European University Institute  |c 1996 
300 |a 47 s. 
490 1 |a EUI Working paper SPS  |v No. 96/3 
830 0 |a EUI Working paper SPS  |v No. 96/3 
610 2 0 |a banky 
610 2 0 |a štruktúra organizačná 
610 2 0 |a bankovníctvo 
610 2 0 |a Európa 
610 2 0 |a Amerika 
610 2 0 |a Austrália 
610 2 0 |a Ázia 
100 1 |a Verdier, Daniel